[Event "Sotra Varturneringen"]
[Site "Sotra"]
[Date "2006.01.26"]
[Round "2"]
[White "Mjoes, Knut"]
[Black "Nordnes, Tor Gunnar"]
[Result "1/2-1/2"]
[WhiteElo "1082"]
[BlackElo "1460"]
[PlyCount "61"]
[EventDate "2006.01.19"]
[EventType "swiss"]
[EventRounds "9"]
[EventCountry "NOR"]
[SourceTitle "EXT 2007"]
[Source "ChessBase"]
[SourceDate "2006.11.23"]
[SourceVersion "1"]
[SourceVersionDate "2006.11.23"]
[SourceQuality "1"]

1. e4 c5 2. Nc3 Nc6 3. Bb5 a6 4. Bxc6 bxc6 5. d3 e5 6. f4 exf4 7. Bxf4 d5 8. e5 Be6 9. Nf3 Ne7 10. 0-0 h6 11. Na4 Ng6 12. Bg3 d4 13. c4 Be7 14. b3 0-0 15. Qe1 Qc7 16. a3 Rab8 17. Qd1 Bg4 18. e6 Bd6 19. Nxc5 Bxg3 20. hxg3 Qxg3 21. Nd7 Nf4 22. Qd2 Rxb3 23. Nxf8 Rxd3 24. exf7+ Kxf8 25. Qb4+ Kxf7 26. Ne5+ Kg8 27. Rxf4 Qe3+ 28. Rf2 Qxe5 29. Re1 Re3 30. Rf8+ Kh7 31. Qb1+ 1/2-1/2

[Event "Sotra Varturneringen"]
[Site "Sotra"]
[Date "2006.01.19"]
[Round "1"]
[White "Sjursen, Hans Jorgen"]
[Black "Mjoes, Knut"]
[Result "1/2-1/2"]
[WhiteElo "1558"]
[BlackElo "1082"]
[PlyCount "94"]
[EventDate "2006.01.19"]
[EventType "swiss"]
[EventRounds "9"]
[EventCountry "NOR"]
[SourceTitle "EXT 2007"]
[Source "ChessBase"]
[SourceDate "2006.11.23"]
[SourceVersion "1"]
[SourceVersionDate "2006.11.23"]
[SourceQuality "1"]

1. Nf3 d5 2. e3 Bg4 3. Be2 Nf6 4. 0-0 Nc6 5. d4 e6 6. Nbd2 Be7 7. a3 0-0 8. c4 dxc4 9. Bxc4 a6 10. Be2 Rb8 11. b4 b5 12. Qc2 Rb6 13. Bb2 Bf5 14. e4 Bg6 15. Bd3 Nb8 16. Rac1 Ne8 17. Rfe1 Rc6 18. Qb1 Rxc1 19. Rxc1 Bh5 20. Qc2 Bg5 21. Re1 Bxd2 22. Nxd2 Qg5 23. Re3 f5 24. Rg3 Qf6 25. exf5 exf5 26. d5 Qf7 27. Rg5 Bg6 28. Qc5 Qd7 29. Nf3 c6 30. Ne5 Qxd5 31. Qxd5+ cxd5 32. Nxg6 hxg6 33. Rxg6 f4 34. Rb6 Nc7 35. Be5 Nd7 36. Bxc7 Nxb6 37. Bxb6 Rc8 38. Bc5 Kf7 39. Kf1 Re8 40. Bd6 g5 41. h4 Re6 42. Bc7 Rc6 43. Be5 Ke6 44. Bd4 Rc1+ 45. Ke2 gxh4 46. Kf3 Rd1 47. Ke2 Rg1 1/2-1/2

[Event "Sotra Hostturneringen"]
[Site "Sotra"]
[Date "2005.11.10"]
[Round "8"]
[White "Andersen, Reidar"]
[Black "Mjoes, Knut"]
[Result "1/2-1/2"]
[WhiteElo "1220"]
[BlackElo "1041"]
[PlyCount "78"]
[EventDate "2005.08.25"]
[EventType "swiss"]
[EventRounds "9"]
[EventCountry "NOR"]
[SourceTitle "EXT 2007"]
[Source "ChessBase"]
[SourceDate "2006.11.23"]
[SourceVersion "1"]
[SourceVersionDate "2006.11.23"]
[SourceQuality "1"]

1. e4 e5 2. Nf3 Nc6 3. Nc3 Nf6 4. a3 Bc5 5. Be2 d6 6. d3 a6 7. Bg5 h6 8. Bh4 g5 9. Bg3 Be6 10. b4 Ba7 11. h3 Ne7 12. Nh2 Bd4 13. Qd2 Rc8 14. Rb1 c6 15. Nf3 Ba7 16. Nd1 b5 17. Nh2 c5 18. Ne3 cxb4 19. axb4 Bd4 20. 0-0 Bc3 21. Qd1 Ba2 22. Nhg4 Nxg4 23. Nxg4 Bxb1 24. Nf6+ Kf8 25. Qxb1 Nc6 26. Nd5 Bd4 27. c3 Ba7 28. Qa2 Nb8 29. Bh5 Rh7 30. Kh1 Rc6 31. Qe2 Nd7 32. Qf3 Bb6 33. Ra1 Bc7 34. Bg4 Rg7 35. Qf5 f6 36. Bh5 Kg8 37. f3 Kh8 38. Bf2 Kg8 39. Be3 Kh8 1/2-1/2

[Event "Sotra Hostturneringen"]
[Site "Sotra"]
[Date "2005.10.06"]
[Round "5"]
[White "Frimanslund, Berge"]
[Black "Mjoes, Knut"]
[Result "0-1"]
[WhiteElo "1084"]
[BlackElo "1041"]
[PlyCount "80"]
[EventDate "2005.08.25"]
[EventType "swiss"]
[EventRounds "9"]
[EventCountry "NOR"]
[SourceTitle "EXT 2007"]
[Source "ChessBase"]
[SourceDate "2006.11.23"]
[SourceVersion "1"]
[SourceVersionDate "2006.11.23"]
[SourceQuality "1"]

1. e4 c5 2. c3 Nc6 3. Nf3 a6 4. Bc4 e6 5. 0-0 Bd6 6. d4 cxd4 7. cxd4 Be7 8. Re1 d5 9. exd5 exd5 10. Bb3 Nf6 11. Ne5 0-0 12. Bg5 h6 13. Bh4 Be6 14. Nc3 Qb6 15. Na4 Qxd4 16. Nxc6 Qxh4 17. Nxe7+ Kh8 18. Rxe6 Ng4 19. Rxh6+ Nxh6 20. Nxd5 Ng4 21. h3 Qxf2+ 22. Kh1 Nh6 23. Qf1 Qh4 24. Qf4 Qd8 25. Rd1 Qa5 26. Nac3 Rad8 27. Bc2 f5 28. a4 Qc5 29. Rd4 Rf7 30. Rc4 Qf8 31. Rc7 Rdd7 32. Rxd7 Rxd7 33. Ne3 g6 34. Qe5+ Kh7 35. Ned5 Rf7 36. Ne2 Qc8 37. Bb3 Qd8 38. Nef4 Qh4 39. Ne6 Ng4 40. Qf4 Qe1+ 0-1

[Event "Sotra Hostturneringen"]
[Site "Sotra"]
[Date "2005.09.29"]
[Round "4"]
[White "Mjoes, Knut"]
[Black "Andersen, Reidar"]
[Result "1/2-1/2"]
[WhiteElo "1041"]
[BlackElo "1220"]
[PlyCount "145"]
[EventDate "2005.08.25"]
[EventType "swiss"]
[EventRounds "9"]
[EventCountry "NOR"]
[SourceTitle "EXT 2007"]
[Source "ChessBase"]
[SourceDate "2006.11.23"]
[SourceVersion "1"]
[SourceVersionDate "2006.11.23"]
[SourceQuality "1"]

1. e4 e5 2. Nf3 d6 3. Bc4 Be7 4. d4 exd4 5. Qxd4 Bf6 6. e5 Nc6 7. Bb5 Qe7 8. Bxc6+ bxc6 9. Qe4 Bd7 10. Bf4 dxe5 11. Bxe5 Bxe5 12. Qxe5 Qxe5+ 13. Nxe5 Bf5 14. Na3 Ne7 15. 0-0 0-0 16. Rfe1 Rfe8 17. Re3 Kf8 18. Rf3 Be6 19. Rc3 Bd5 20. Rc5 f6 21. Ng4 Rab8 22. b3 Rb4 23. Ne3 Bf7 24. Ra5 Rb7 25. Rd1 Nd5 26. Rd3 Nb4 27. Rc3 Nd5 28. Rxc6 Nxe3 29. fxe3 Rxe3 30. Rca6 Rc3 31. Rxa7 Rxa7 32. Rxa7 Bg6 33. Nb5 Rxc2 34. Nxc7 Rb2 35. Ne6+ Ke8 36. Nxg7+ Kd8 37. Ne6+ Kc8 38. Ra6 Bb1 39. Nd4 Rd2 40. Nf3 Rb2 41. Rxf6 Bxa2 42. Rf8+ Kd7 43. Rf7+ Ke8 44. Rxh7 Rxb3 45. Ra7 Rb2 46. h4 Bd5 47. Ra3 Kf8 48. Rd3 Bb7 49. g4 Kg7 50. Rd7+ Kf6 51. Nd2 Kg6 52. Rd6+ Kf7 53. Kf2 Ke7 54. Rd4 Kf7 55. Kg3 Ke6 56. Kf4 Ba6 57. h5 Kf7 58. Rd7+ Ke6 59. Rd4 Bb7 60. g5 Ke7 61. h6 Ke6 62. Rd6+ Kxd6 63. Nc4+ Ke7 64. Nxb2 Kf7 65. Nd3 Kg8 66. Ne5 Kf8 67. g6 Kg8 68. Kf5 Bd5 69. Kf6 Ba2 70. h7+ Kh8 71. Nf7+ Bxf7 72. gxf7 Kxh7 73. f8Q 1/2-1/2

[Event "Sotra Hostturneringen"]
[Site "Sotra"]
[Date "2005.09.15"]
[Round "3"]
[White "Kallesoe, Torben"]
[Black "Mjoes, Knut"]
[Result "1-0"]
[WhiteElo "1374"]
[BlackElo "1041"]
[PlyCount "43"]
[EventDate "2005.08.25"]
[EventType "swiss"]
[EventRounds "9"]
[EventCountry "NOR"]
[SourceTitle "EXT 2007"]
[Source "ChessBase"]
[SourceDate "2006.11.23"]
[SourceVersion "1"]
[SourceVersionDate "2006.11.23"]
[SourceQuality "1"]

1. d4 d5 2. c4 e6 3. Nc3 Nf6 4. Bg5 Bb4 5. Qa4+ Nc6 6. Nf3 Bxc3+ 7. bxc3 0-0 8. e3 dxc4 9. Bxc4 Bd7 10. Qc2 h6 11. Bh4 Kh8 12. Rd1 Rg8 13. d5 exd5 14. Bxd5 Qe7 15. 0-0 Bg4 16. Bxf6 Qxf6 17. Rb1 Bxf3 18. Bxf3 b6 19. Qa4 Ne7 20. Bxa8 Rxa8 21. Rfd1 c6 22. Rxb6 1-0

[Event "Sotra op3"]
[Site "Sotra"]
[Date "2004.11.04"]
[Round "7"]
[White "Mjoes, Knut"]
[Black "Alikhani, Afshin"]
[Result "0-1"]
[WhiteElo "1031"]
[BlackElo "1418"]
[PlyCount "36"]
[EventDate "2004.09.02"]
[EventType "swiss"]
[EventRounds "9"]
[EventCountry "NOR"]
[SourceTitle "EXT 2008"]
[Source "ChessBase"]
[SourceDate "2007.11.25"]
[SourceVersion "1"]
[SourceVersionDate "2007.11.25"]
[SourceQuality "1"]

1. e4 e5 2. Nc3 Bc5 3. Nf3 d6 4. d4 exd4 5. Nxd4 Ne7 6. Nf3 0-0 7. Bg5 Nbc6 8. Nd5 Be6 9. Nxe7+ Nxe7 10. c3 a6 11. Bd3 Qd7 12. Bxe7 Qxe7 13. Nd4 Bxd4 14. cxd4 f5 15. d5 fxe4 16. Bxe4 Bxd5 17. f3 Bxe4 18. fxe4 Qxe4+ 0-1

[Event "Sotra op3"]
[Site "Sotra"]
[Date "2004.10.14"]
[Round "5"]
[White "Glesnes, Ivar Magne"]
[Black "Mjoes, Knut"]
[Result "0-1"]
[WhiteElo "607"]
[BlackElo "1031"]
[PlyCount "180"]
[EventDate "2004.09.02"]
[EventType "swiss"]
[EventRounds "9"]
[EventCountry "NOR"]
[SourceTitle "EXT 2008"]
[Source "ChessBase"]
[SourceDate "2007.11.25"]
[SourceVersion "1"]
[SourceVersionDate "2007.11.25"]
[SourceQuality "1"]

1. e4 c5 2. Nf3 d6 3. Nc3 Nc6 4. d3 Nf6 5. Be2 e5 6. h3 Be7 7. 0-0 Be6 8. a3 Rb8 9. a4 a6 10. b3 Qa5 11. Bd2 Qd8 12. Nh2 Nd4 13. Kh1 Nxe2 14. Nxe2 Qd7 15. f4 Bxh3 16. gxh3 Qxh3 17. Rf3 Qe6 18. f5 Qd7 19. Qg1 Rg8 20. Rg3 g6 21. Ng4 Nxg4 22. Rxg4 Kd8 23. Nc3 f6 24. Nd5 g5 25. Ba5+ Ke8 26. Qh2 Bd8 27. Qh5+ Kf8 28. Bxd8 Qxd8 29. Qh6+ Kf7 30. Nc7 Qxc7 31. Qxh7+ Rg7 32. Qh5+ Kg8 33. Kg2 Rh7 34. Qg6+ Qg7 35. Qxg7+ Kxg7 36. Rh1 Rxh1 37. Kxh1 Rh8+ 38. Kg2 Rh5 39. Rg3 Kh6 40. c3 Kg7 41. d4 cxd4 42. cxd4 Rh4 43. dxe5 dxe5 44. Kf3 Rh1 45. Kg4 Rd1 46. Rc3 Rd7 47. Kf3 Kf7 48. b4 Ke7 49. b5 axb5 50. axb5 Kd8 51. Kg4 Rc7 52. Rd3+ Ke7 53. Rb3 Kd6 54. Rd3+ Kc5 55. Rd5+ Kb4 56. Rd6 Rf7 57. b6 Kc5 58. Re6 Kd4 59. Kh5 Kxe4 60. Kg6 Rf8 61. Rxf6 Rxf6+ 62. Kxf6 g4 63. Ke6 g3 64. f6 g2 65. f7 g1Q 66. f8Q Qxb6+ 67. Kd7 Qc6+ 68. Kd8 Qb6+ 69. Kc8 Qc6+ 70. Kb8 b5 71. Qb4+ Qc4 72. Qb1+ Kd5 73. Qh1+ e4 74. Qd1+ Qd3 75. Qh5+ Kc4 76. Qf7+ Kc5 77. Qf5+ Qd5 78. Qf2+ Qd4 79. Qf5+ Qd5 80. Qf2+ Kc6 81. Qc2+ Qc4 82. Qg2 Qe6 83. Qc2+ Qc4 84. Qg2 b4 85. Qg6+ Kc5 86. Qf5+ Qd5 87. Qf2+ Kb5 88. Qf1+ Qd3 89. Qf5+ Ka4 90. Qe5 Qb5+ 0-1

[Event "Sotra op1"]
[Site "Sotra"]
[Date "2004.01.15"]
[Round "1"]
[White "Mjoes, Knut"]
[Black "Madsen, Morten L"]
[Result "0-1"]
[WhiteElo "1031"]
[BlackElo "1587"]
[PlyCount "74"]
[EventDate "2004.01.15"]
[EventType "swiss"]
[EventRounds "9"]
[EventCountry "NOR"]
[SourceTitle "EXT 2008"]
[Source "ChessBase"]
[SourceDate "2007.11.25"]
[SourceVersion "1"]
[SourceVersionDate "2007.11.25"]
[SourceQuality "1"]

1. e4 c5 2. Nc3 Nc6 3. Nf3 d6 4. Bb5 g6 5. d4 cxd4 6. Qxd4 f6 7. Bd2 Nh6 8. 0-0-0 a6 9. Qa4 Bd7 10. Bxc6 bxc6 11. Qc4 Qc8 12. Be3 Be6 13. Qa4 Bg7 14. Nd5 Qb7 15. h3 Rb8 16. Bd4 Nf7 17. Rd3 Nd8 18. Rb3 Qc8 19. Rxb8 Qxb8 20. Bb6 f5 21. Nc7+ Kf8 22. Ng5 Bxb2+ 23. Kd1 Qxb6 24. Ncxe6+ Nxe6 25. Nxe6+ Kf7 26. Qc4 Ke8 27. Ng5 Qd4+ 28. Qxd4 Bxd4 29. Ne6 Bc3 30. exf5 gxf5 31. Ke2 Kd7 32. Nf4 Rb8 33. Kd3 Be5 34. Ne2 Rb2 35. a3 Kc7 36. Re1 Ra2 37. f4 Rxa3+ 0-1

[Event "Sotra Varturneringen"]
[Site "Sotra"]
[Date "2003.02.20"]
[Round "3"]
[White "Frimanslund, Berge"]
[Black "Mjoes, Knut"]
[Result "1-0"]
[WhiteElo "853"]
[BlackElo "1058"]
[PlyCount "57"]
[EventDate "2003.01.??"]
[EventType "tourn"]
[EventRounds "10"]
[EventCountry "NOR"]
[SourceTitle "EXT 2005"]
[Source "ChessBase"]
[SourceDate "2004.11.15"]
[SourceVersion "1"]
[SourceVersionDate "2004.11.15"]
[SourceQuality "1"]

1. e4 c5 2. c3 e6 3. d4 cxd4 4. cxd4 a6 5. Nf3 Bb4+ 6. Bd2 Qb6 7. Be2 Nf6 8. Qc2 Nc6 9. a3 Bxd2+ 10. Nbxd2 Nxd4 11. Nxd4 Qxd4 12. 0-0 0-0 13. Bf3 d5 14. exd5 Nxd5 15. Nb3 Qb6 16. Rad1 Bd7 17. Bxd5 exd5 18. Rd4 Be6 19. Rb4 Qc6 20. Qd3 Rac8 21. Nd4 Qd7 22. Nf3 h6 23. Rh4 Bf5 24. Qd2 Rc2 25. Qb4 Rfc8 26. h3 R8c4 27. Rxc4 Rxc4 28. Qd2 Bxh3 29. Ne5 1-0

[Event "Sotra Varturneringen"]
[Site "Sotra"]
[Date "2003.01.30"]
[Round "1"]
[White "Brattetveit, Kenneth"]
[Black "Mjoes, Knut"]
[Result "1-0"]
[WhiteElo "1652"]
[BlackElo "1058"]
[PlyCount "119"]
[EventDate "2003.01.??"]
[EventType "tourn"]
[EventRounds "10"]
[EventCountry "NOR"]
[SourceTitle "EXT 2005"]
[Source "ChessBase"]
[SourceDate "2004.11.15"]
[SourceVersion "1"]
[SourceVersionDate "2004.11.15"]
[SourceQuality "1"]

1. c4 c5 2. g3 e6 3. Bg2 d5 4. cxd5 exd5 5. Nf3 Nf6 6. 0-0 Be7 7. d4 h6 8. Nc3 0-0 9. Bf4 a6 10. Qd2 Ne4 11. Qe3 g5 12. Bxb8 Rxb8 13. Nxe4 dxe4 14. Qxe4 Re8 15. dxc5 Bxc5 16. Qc2 Bf8 17. Rfd1 Qf6 18. Nd4 Bg4 19. Rd3 Rbc8 20. Qd2 Rc7 21. e3 Rec8 22. a3 Bc5 23. Rc1 Bb6 24. Rxc7 Rxc7 25. Rc3 Re7 26. Rd3 Re8 27. h3 Bh5 28. Ne2 Bg6 29. Rd6 Re6 30. Rxe6 Qxe6 31. Qd5 Qf6 32. Nc3 Kh7 33. Qxb7 Ba5 34. Qc6 Qd8 35. Qd5 Qc7 36. Qd4 Bb6 37. Qd2 Qc8 38. Nd5 Bd8 39. b4 Qc6 40. Qd4 Qd6 41. e4 Qe6 42. e5 h5 43. Kh2 Bf5 44. Ne3 Bb6 45. Qd6 Bxe3 46. Qxe6 Bxe6 47. fxe3 Bc8 48. Be4+ Kg7 49. h4 g4 50. Kg2 Bd7 51. Kf2 f6 52. exf6+ Kxf6 53. Bd3 Bc8 54. e4 Ke5 55. Ke3 Bb7 56. a4 Ba8 57. Bxa6 Bxe4 58. b5 Bc2 59. b6 Bxa4 60. b7 1-0

[Event "Sotra op"]
[Site "Sotra"]
[Date "2002.10.10"]
[Round "5"]
[White "Mjoes, Knut"]
[Black "Andersen, Erik"]
[Result "0-1"]
[WhiteElo "1069"]
[BlackElo "2109"]
[PlyCount "58"]
[EventDate "2002.08.??"]
[EventType "swiss"]
[EventRounds "9"]
[EventCountry "NOR"]
[SourceTitle "EXT 2005"]
[Source "ChessBase"]
[SourceDate "2004.11.15"]
[SourceVersion "1"]
[SourceVersionDate "2004.11.15"]
[SourceQuality "1"]

1. e4 b6 2. Nc3 Bb7 3. d4 g6 4. Nf3 Bg7 5. Bc4 e6 6. 0-0 Nc6 7. Bf4 d6 8. a3 Nge7 9. Qd2 0-0 10. Bh6 Na5 11. Bxg7 Nxc4 12. Qh6 f6 13. Bxf8 Qxf8 14. Qxf8+ Rxf8 15. b3 Na5 16. Rfe1 a6 17. e5 Bxf3 18. gxf3 fxe5 19. dxe5 d5 20. Kg2 Nf5 21. f4 Nd4 22. Rac1 Rxf4 23. Ne2 Nxe2 24. Rxe2 Nc6 25. Rce1 Nd4 26. Kf1 Nxe2 27. Rxe2 c5 28. Re3 Kg7 29. Ke2 g5 0-1

[Event "Sotra op"]
[Site "Sotra"]
[Date "2002.09.19"]
[Round "3"]
[White "Alikhani, Afshin"]
[Black "Mjoes, Knut"]
[Result "1-0"]
[WhiteElo "1364"]
[BlackElo "1069"]
[PlyCount "31"]
[EventDate "2002.08.??"]
[EventType "swiss"]
[EventRounds "9"]
[EventCountry "NOR"]
[SourceTitle "EXT 2005"]
[Source "ChessBase"]
[SourceDate "2004.11.15"]
[SourceVersion "1"]
[SourceVersionDate "2004.11.15"]
[SourceQuality "1"]

1. f4 d6 2. Nf3 Nc6 3. e4 e5 4. fxe5 dxe5 5. Bc4 Bg4 6. 0-0 Bc5+ 7. Kh1 Qe7 8. Nc3 Nf6 9. d3 0-0 10. Bg5 Qd8 11. Nd5 Be7 12. Nxe7+ Qxe7 13. Qe1 Bxf3 14. Rxf3 h6 15. Bxf6 gxf6 16. Qh4 1-0

[Event "Sotra op"]
[Site "Sotra"]
[Date "2002.09.12"]
[Round "2"]
[White "Glesnes, Ivar Magne"]
[Black "Mjoes, Knut"]
[Result "0-1"]
[WhiteElo "578"]
[BlackElo "1069"]
[PlyCount "44"]
[EventDate "2002.08.??"]
[EventType "swiss"]
[EventRounds "9"]
[EventCountry "NOR"]
[SourceTitle "EXT 2005"]
[Source "ChessBase"]
[SourceDate "2004.11.15"]
[SourceVersion "1"]
[SourceVersionDate "2004.11.15"]
[SourceQuality "1"]

1. e4 c5 2. Nf3 Nc6 3. Nc3 e6 4. d3 d5 5. exd5 exd5 6. Be2 Nf6 7. Bf4 d4 8. Ne4 Nxe4 9. dxe4 Bg4 10. Nxd4 Bxe2 11. Qxe2 Nxd4 12. Qd3 Ne6 13. Qb5+ Qd7 14. Qxd7+ Kxd7 15. Rd1+ Kc6 16. Bg3 Rd8 17. 0-0 Rxd1 18. Rxd1 Be7 19. f3 Rd8 20. Re1 Rd2 21. Rc1 Nd4 22. c3 Ne2+ 0-1

[Event "Sotra Varturneringen"]
[Site "Sotra"]
[Date "2002.04.11"]
[Round "7"]
[White "Mjoes, Knut"]
[Black "Glesnes, Ivar Magne"]
[Result "1/2-1/2"]
[WhiteElo "1070"]
[BlackElo "547"]
[PlyCount "45"]
[EventDate "2002.01.??"]
[EventType "swiss"]
[EventRounds "10"]
[EventCountry "NOR"]
[SourceTitle "EXT 2006"]
[Source "ChessBase"]
[SourceDate "2005.11.24"]
[SourceVersion "1"]
[SourceVersionDate "2005.11.24"]
[SourceQuality "1"]

1. e4 e5 2. Nc3 Nf6 3. Nf3 d6 4. Bc4 Be6 5. Bxe6 fxe6 6. d4 exd4 7. Nxd4 Qd7 8. 0-0 e5 9. Nb3 Be7 10. f4 exf4 11. Bxf4 Nc6 12. Bg5 Rf8 13. Nd5 Nxd5 14. Rxf8+ Bxf8 15. exd5 Ne5 16. Qe2 h6 17. Bf4 0-0-0 18. Bxe5 Re8 19. Rf1 dxe5 20. Qe4 Bd6 21. c4 Qe7 22. Kh1 Rf8 23. Rxf8+ 1/2-1/2

[Event "Sotra op"]
[Site "Sotra"]
[Date "2001.11.29"]
[Round "9"]
[White "Fjeldstad, Kay Ove"]
[Black "Mjoes, Knut"]
[Result "1-0"]
[WhiteElo "1281"]
[BlackElo "1086"]
[PlyCount "47"]
[EventDate "2001.09.??"]
[EventType "swiss"]
[EventRounds "9"]
[EventCountry "NOR"]
[SourceTitle "EXT 2005"]
[Source "ChessBase"]
[SourceDate "2004.11.15"]
[SourceVersion "1"]
[SourceVersionDate "2004.11.15"]
[SourceQuality "1"]

1. e4 c5 2. Nf3 Nc6 3. d4 cxd4 4. Nxd4 e5 5. Nb3 Nf6 6. Nc3 Bb4 7. Bd3 Bxc3+ 8. bxc3 a6 9. Bg5 d6 10. 0-0 h6 11. Bh4 Bg4 12. Bxf6 Qxf6 13. Qxg4 0-0 14. Qf5 Qe7 15. Nd2 Rac8 16. Rab1 Rc7 17. Rb2 g6 18. Qh3 Kg7 19. Nc4 b5 20. Ne3 Rh8 21. Nd5 Qd8 22. Nxc7 Qxc7 23. Rfb1 Ne7 24. Be2 1-0